LIBRARY & INFORMATION CENTRE, KCAET, TAVANUR

ONLINE PUBLIC ACCESS CATALOGUE (OPAC)

Principles of fruit preservation; (Record no. 13696)

MARC details
000 -LEADER
fixed length control field 00390cam a22001571 4500
003 - CONTROL NUMBER IDENTIFIER
control field OSt
008 - FIXED-LENGTH DATA ELEMENTS--GENERAL INFORMATION
fixed length control field 190527b ||||| |||| 00| 0 eng d
020 ## - INTERNATIONAL STANDARD BOOK NUMBER
ISBN 9788176221160
082 ## - DEWEY DECIMAL CLASSIFICATION NUMBER
Classification number 664.8
Item number MOR/PR
100 1# - MAIN ENTRY--AUTHOR NAME
Personal name Morris, Thomas Norman.
245 10 - TITLE STATEMENT
Title Principles of fruit preservation;
250 ## - EDITION STATEMENT
Edition statement 3rd
260 ## - PUBLICATION, DISTRIBUTION, ETC. (IMPRINT)
Place of publication Delhi
Name of publisher Biotech Books
Year of publication 2011
300 ## - PHYSICAL DESCRIPTION
Number of Pages xiii, 206 p.
942 ## - ADDED ENTRY ELEMENTS (KOHA)
Koha item type Books
Holdings
Withdrawn status Lost status Damaged status Collection code Home library Current library Shelving location Date acquired Source of acquisition Cost, normal purchase price Full call number Accession Number Koha item type
      Non-fiction KAUAET KAUAET General Stacks 31/03/2012 International Books and periodical supply service, New Delhi 425.00 664.8 MOR/PR 23432 Books
      Non-fiction KAUAET KAUAET General Stacks 27/05/2019   800.00 664.8 MOR/PR 25911 Books
        KAUAET KAUAET KAU- SC Sub plan 31/03/2022 TBS 800.00 664.8 MOR/PR 26055 Books
free website counter